الأصالة والمعاصرة في منهج التنمية الشاملة : بنوك بلا فوائد : قضية بنوك الادخار المحلية // al'asalat walmueasarat fi manhaj altanmiat alshaamilat : banuk bila fawayid : qadiat banuk alaidikhar almahaliya / (Record no. 81192)
[ view plain ]
| 000 -LEADER | |
|---|---|
| fixed length control field | 01009naa a2200205 a 4500 |
| 003 - CONTROL NUMBER IDENTIFIER | |
| rucl marc code | BD-RjUL |
| 005 - DATE AND TIME OF LATEST TRANSACTION | |
| control field | 20230208115610.0 |
| 008 - FIXED-LENGTH DATA ELEMENTS--GENERAL INFORMATION | |
| fixed length control field | 230208s1985 u ||||| |||| 00| 0 a d |
| 035 ## - SYSTEM CONTROL NUMBER | |
| System control number | (BD-RjUL) |
| 040 ## - CATALOGING SOURCE | |
| Original cataloging agency | BD-RjUL |
| Language of cataloging | eng |
| Transcribing agency | BD-RjUL |
| 041 ## - LANGUAGE CODE | |
| Language code of text/sound track or separate title | ara |
| 082 ## - DEWEY DECIMAL CLASSIFICATION NUMBER | |
| Edition number | 23 |
| Classification number | 332.1091767 |
| Author mark and year | NAA 1985 |
| 100 1# - MAIN ENTRY--PERSONAL NAME | |
| Personal name | Al-Najjar, Ahmed Mohamed Abdel Aziz النجار، أحمد محمد عبد العزيز |
| 9 (RLIN) | 6902 |
| 245 14 - TITLE STATEMENT | |
| Title | الأصالة والمعاصرة في منهج التنمية الشاملة : بنوك بلا فوائد : قضية بنوك الادخار المحلية // al'asalat walmueasarat fi manhaj altanmiat alshaamilat : banuk bila fawayid : qadiat banuk alaidikhar almahaliya / |
| Statement of responsibility, etc. | Ahmed Mohamed Abdulaziz Al-Najjar, أحمد محمد عبدالعزيز النجار |
| 250 ## - EDITION STATEMENT | |
| Edition statement | 2nd.ed. |
| 260 ## - PUBLICATION, DISTRIBUTION, ETC. (IMPRINT) | |
| Place of publication, distribution, etc. | القاهرة: |
| Name of publisher, distributor, etc. | الاتحاد الدولي للبنوك الإسلامية , |
| Date of publication, distribution, etc. | 1985 |
| 300 ## - PHYSICAL DESCRIPTION | |
| Pagination | 354 p. ; |
| Size | 23 cm |
| 650 ## - SUBJECT ADDED ENTRY--TOPICAL TERM | |
| Topical term or geographic name as entry element | Islami Bank |
| Geographic subdivision | Bangladesh |
| 9 (RLIN) | 6903 |
| 942 ## - ADDED ENTRY ELEMENTS (KOHA) | |
| Source of classification or shelving scheme | Dewey Decimal Classification |
| Koha item type | Books |
| Lost status | Source of classification or shelving scheme | Damaged status | Not for loan | Collection code | Permanent Location | Current Location | Shelving location | Date acquired | Source of acquisition | Total Checkouts | Full call number | Date last seen | Copy number | Koha item type |
|---|---|---|---|---|---|---|---|---|---|---|---|---|---|---|
| Dewey Decimal Classification | Not For Loan | Non-fiction | Central Library, University of Rajshahi | Central Library, University of Rajshahi | Reading Room | 24/07/1995 | Islamic Development Bank , Jeddah | A 332.1091767 NAA 1985 | 08/02/2023 | C-1 | Books |